| 000 | 00525nam a2200145 a 4500 | ||
|---|---|---|---|
| 001 | 1147 | ||
| 003 | CDMR | ||
| 005 | 20130708112159.0 | ||
| 008 | 130130s1996||||||||||||||||||||||||||||d | ||
| 040 |
_aCDMR _bcat _cCPC GIRONA |
||
| 100 | 1 |
_aTouraine, Alain _9901 |
|
| 245 | 1 | 4 |
_aEls mass media: nou fòrum polític o destrucció de l'opinió pública? _cTouraine, Alain _bVII Premis a la investigació sobre comunicació de masses |
| 260 |
_c1996 _bCentre d'Investigació de la Comunicació, Generalitat de Catalunya |
||
| 942 |
_cMON _2udc |
||
| 999 |
_c1147 _d1147 |
||